Derecho internacional público

Saved in:
Bibliografiske detaljer
Hovedforfatter: Barros Jarpa, Ernesto (Author)
Format: Bog
Sprog:spansk
Udgivet: Santiago Jurídica de Chile 1955
Serier:Manuales Jurídicos, 56
Fag:
Tags: Tilføj Tag
Ingen Tags, Vær først til at tagge denne postø!

MARC

LEADER 00000nam a2200000 a 4500
001 UCT9472
003 CL-VaPUC
008 970404e19550000CL |||||||||||||||||spa|d
082 0 4 |a 341.1  |b BAR  |2 21 
100 0 |a Barros Jarpa, Ernesto  |e author  |9 382182 
245 1 0 |a Derecho internacional público 
300 |a 602 p 
942 |c BK 
945 |d 19970404 00:00:00  |a lriquelm 
260 |a Santiago  |b Jurídica de Chile  |c 1955 
650 0 |a Derecho internacional  |9 255637 
650 7 |a DERECHO INTERNACIONAL PUBLICO  |2 CL-VaPUC  |9 382183 
650 0 |a Código civil  |9 256135 
650 7 |a CODIGO DE JUSTICIA  |2 CL-VaPUC  |9 358460 
650 7 |a CODIGO DE PROCEDIMIENTO PENAL  |2 CL-VaPUC  |9 256474 
650 0 |a Relaciones Exteriores  |9 255379 
650 0 |a Prensa  |9 258117 
650 0 |a Derecho y legislación   |9 255077 
583 |a last modification  |c 19970404 00:00:00  |k Rodrigo Vera 
490 0 |a Manuales Jurídicos, 56 
999 |c 257873  |d 257871 
952 |0 0  |1 0  |4 0  |6 341_100000000000000_BAR_1955  |7 0  |8 P  |9 281573  |a BIBDER  |b BIBDER  |d 2019-11-19  |i 1822020  |o 341.1 BAR 1955  |p 1822020  |r 2023-01-25  |w 2019-11-19  |y BK  |k DER